Normal view
MARC view
- Delaware, Alex
Entry Personal Name
001 - CONTROL NUMBER
- control field: 6632
003 - CONTROL NUMBER IDENTIFIER
- control field: NUST
005 - DATE AND TIME OF LATEST TRANSACTION
- control field: 20171122102547.0
008 - FIXED-LENGTH DATA ELEMENTS
- fixed length control field: 171122|| aca||aabn | a|a d
040 ## - CATALOGING SOURCE
- Original cataloging agency: NUST
- Transcribing agency: NUST
100 ## - HEADING--PERSONAL NAME
- Personal name: Delaware, Alex
- Titles and other words associated with a name: (Fictitious character)
- Form subdivision: Comic books, strips, etc.
670 ## - SOURCE DATA FOUND
- Source citation: Work cat.: (NUST)0: Kellerman, Jonathan. 6631, Silent partner :, 2012.
